000 00488nam a2200181 i 4500
001 88064
003 ES-MaACL
005 20231218203529.0
007 t|
008 050103s1952 sp ||||1| spa d
100 1 _aLaforet, Carmen,
_d1921-2004
_969515
245 1 3 _aLa muerta /
_cCarmen Laforet.
250 _a[1ª ed.].
260 _aMadrid :
_bRumbos,
_c1952 (
_fI. Méndez)
300 _a115 p. :
_bil. ;
_c19 cm.
852 _aES-MaACL
_jC-7339
_bR.35229
999 _c88064
_d88064